Science Fiction General Knowledge #2 - Statistics

General Stats
  • This quiz has been taken 392 times
    381 since last reset
  • The average score is 8 of 20
Answer Stats
Question Answer % Correct
Alex Murphy's brain was used to create what robot crime fighter? Robocop
79%
What are people searching for in the movie "Waterworld"? Dry Land
77%
Where does Frodo have to go to destroy the Ring of Power? Mount Doom
72%
What is Wolverine's metal skeleton made from? Adamantium
66%
Who wrote the novel "Dune"? Frank Herbert
63%
What planet did Palpatine represent in the Galactic Senate? Naboo
54%
In "Army of Darkness" what does Ash replace his hand with? A Chainsaw
47%
What 2001 cult movie starred Jake and Maggie Gyllenhaal? Donnie Darko
46%
What type of car was Bumblebee in the "Transformers" cartoon series? Volkswagen Beetle
45%
Who starred in the 2004 movie version of "The Butterfly Effect"? Ashton Kutcher
43%
What is the name of the corporation in the "Resident Evil" series? Umbrella Corporation
43%
The movie "2001: A Space Odyssey" is based on a short story by which author? Arthur C. Clarke
42%
In "Highlander", what is the Highlander's real name? Connor MacLeod
32%
What is the first book in the children's series written by Madeline L'Engle? A Wrinkle in Time
23%
Who created the "Ringworld" series? Larry Niven
20%
Who played the female lead in "Weird Science"? Kelly le Brock
19%
In "Batman Begins" who kills Bruce Wayne's parents? Joe Chill
14%
What is the registry number of the Enterprise from "Enterprise"? NX-01
13%
What is the name of the time traveling dog in "Rocky & Bullwinkle"? Mr.Peabody
11%
What film festival features sci-fi, fantasy and horror movies? Avoriaz Film Festival
1%
No matching quizzes found
Score Distribution
Percent of People with Each Score
Percentile by Number Answered
Your Score History
You have not taken this quiz since the last reset